000 00906nam a2200217Ia 4500
001 Para_10247
008 220602s9999 xx 000 0 und d
090 _aPA CD - TESIS 292
100 _aMorales Santis, Josué Gerardo
_9125911
245 _aPatoPatogenicidad y virulencia de cepas de Beauveria bassiana sobre gallina ciega (coleoptera: melolonthidae) de los altos de chiapas / Morales Santis, Josué Gerardo. Director Amalia Pérez Valdez
260 _aChapingo, Méx.: el autor
300 _a1 CDS ROM (53 p.)
502 _aTesis (Ing. Agr. Esp. en Parasitología Agrícola). UACh. Departamento Parasitología Agrícola
700 _aPérez Valdéz, Amalia. Director
710 _aUACh. Departamento Parasitología AgrícolaÌ
_9185010
901 _aPA CD - TESIS 292
902 _aM
905 _a513220Octubre, 2013 an 8100000000 06
942 _c2
999 _c217270
_d217270